BHARAT EK KHOJ (Record no. 34665)
[ view plain ]
| 000 -LEADER | |
|---|---|
| fixed length control field | 00231nam a2200109Ia 4500 |
| 008 - FIXED-LENGTH DATA ELEMENTS--GENERAL INFORMATION | |
| fixed length control field | 240625s9999 xx 000 0 und d |
| 041 ## - LANGUAGE CODE | |
| Language code of text/sound track or separate title | eng |
| 100 ## - MAIN ENTRY--PERSONAL NAME | |
| Personal name | NEHRU JAWAHARLAL |
| 245 ## - TITLE STATEMENT | |
| Title | BHARAT EK KHOJ |
| 260 ## - PUBLICATION, DISTRIBUTION, ETC. | |
| Date of publication, distribution, etc. | 2010 |
| 440 ## - SERIES STATEMENT/ADDED ENTRY--TITLE | |
| Volume/sequential designation | 9 |
| Withdrawn status | Lost status | Damaged status | Not for loan | Home library | Current library | Date acquired | Total Checkouts | Barcode | Date last seen | Price effective from | Koha item type |
|---|---|---|---|---|---|---|---|---|---|---|---|
| IMTN | IMTN | 10/21/2010 | CD1684 | 06/25/2024 | 06/25/2024 | CD |